| 000 | 00538nam a2200169 i 4500 | ||
|---|---|---|---|
| 001 | 79700 | ||
| 003 | ES-MaACL | ||
| 005 | 20230906174031.0 | ||
| 007 | t| | ||
| 008 | 041022s1965 sp ||||1| spa d | ||
| 100 | 1 |
_aHertsens, Marcel. _963399 |
|
| 245 | 1 | 0 |
_aSeñor, tu servidor escucha _b: encuentros con Dios / _cMarcel Hertsens ; [traducción: Jaime Muñoz Anatol]. |
| 260 |
_a[Bilbao] : _bDesclée de Brouwer, _c1965. |
||
| 300 |
_a206 p. ; _c19 cm. |
||
| 700 | 1 |
_aMuñoz Anatol, Jaime. _984353 |
|
| 852 |
_aES-MaACL _jF-7297 _bR.56706 |
||
| 999 |
_c79700 _d79700 |
||